000 00373nam a2200145Ia 4500
008 150201s2010 xx 000 0 und d
082 _a610
_bP10C
100 _aCOLLEDGE , N.R.
245 _aDEVIDSON,S PRINCIPLES AND PRACTICE OF MEDICINE
250 _a21ST
260 _bCHURCHIL
_aCDINBURGH
_c2010
300 _a1-1360
650 _aGENERAL MEDICINE
942 _2ddc
_cBK
_02
999 _c1387
_d1387